|
|
|
|
| LEADER |
00000cam a2200000 7i4500 |
| 001 |
0000009130 |
| 005 |
20021119093000.0 |
| 008 |
021119n |
| 020 |
|
|
|a 007451010X
|
| 090 |
0 |
0 |
|a TJ1160
|b .M31
|
| 110 |
0 |
|
|a Maskiell, Edwin C.
|
| 245 |
0 |
0 |
|a Machine shop technology :
|b an Australian Course in fitting and machining ; col. 1
|c Edwin C. Maskiell
|
| 260 |
2 |
|
|a New York ;
|a Sydney :
|b McGraw-Hill ,
|c 1985
|
| 300 |
|
|
|a viii, 248 p. ; ;
|c 28 cm.
|
| 501 |
|
|
|a Includes index
|
| 650 |
|
0 |
|a Machine-shop practice
|
| 700 |
0 |
|
|a Galbraith, William ,
|e author
|
| 999 |
|
|
|a 1000052791
|b Book
|c Reference
|e Gong Badak Campus
|